Marvel's Moon Knight (2022) Characters - Statistics

General Stats
  • This quiz has been taken 155 times
  • The average score is 3 of 12
Answer Stats
Actor Character % Correct
Oscar Isaac Moon Knight/ Marc Spector/ Steven Grant
100%
F. Murray Abraham Khonshu
57%
Ethan Hawke Arthur Harrow
54%
Sofia Danu Ammit
35%
May Calamawy Layla El-Faouly
24%
Gaspard Ulliel Anton Mogart/ Midnight Man
16%
Antonia Salib Tawaret
11%
David Ganly Billy
4%
Fernanda Andrade Wendy Spector
4%
Ann Akinjirin Bobby
3%
Rey Lucas Elias Spector
3%
Díana Bermudez Yatzil
1%
No matching quizzes found
Score Distribution
Percent of People with Each Score
Percentile by Number Answered
Your Score History
You have not taken this quiz